000 00456nam a2200157 a 4500
005 20210223123944.0
008 991125n 000 0 spa u
035 _aUPN01000085691
100 1 _aLerner Sigal, Victoria
_941427
222 _aPERFILES EDUCATIVOS
245 _aLibros de Historia para niños : parámetros y dificultades para elaborarlos
300 _a49-55
362 _a1993 No. 62, oct.-dic.
904 _aAC
_b023502
905 _aArticulo
999 _c72020
_d72020